00309nam a2200133Ia 4500008004100000041000800041082001200049100001500061245001900076260002800095300000800123365001500131700002900146230612s9999 xx 000 0 und d aeng a530 RES aResnick R. aPhysics Part I c1970bWiely Eastern Pub a710 cRs.b75.00 aResnick R. & Halliday D.